Albanian-English dictionary

Saved in:
Bibliographic Details
Main Author: Hysa, Ramazan
Format: Book
Language:English
Published: New York : Hippocrene Books, 1993.
Series:Hippocrene standard dictionary
Subjects:
Tags: Add Tag
No Tags, Be the first to tag this record!

MARC

LEADER 00000cam a2200000 i 4500
001 1/6340
008 960628s1993 nyu| ||| ||| | eng d
020 |a 0870520776  
035 |l 10016319 
040 |a GR-MY-UA  |b gre  |e aacr 
041 0 |a eng 
082 0 |a 491.99121  
100 1 |a Hysa, Ramazan. 
245 1 0 |a Albanian-English dictionary /   |c Ramazan Hysa.  
260 |a New York :   |b Hippocrene Books,   |c 1993.  
300 |a 510 σ. ;   |c 22 εκ.  
490 1 |a (Hippocrene standard dictionary)  
650 0 0 |a Albanian language  |x Dictionaries  |x English. 
830 0 |a Hippocrene standard dictionary 
852 |a INST  |b LESVOS  |e 19960628  |h 491.99121 HYS  |p 005100009751  |q 005100009751  |t REF  |y 23